000 00277nam a22001337a 4500
008 170724b xxu||||| |||| 00| 0 eng d
020 _a9781418843601
041 _aeng
080 _a004
100 _a29
101 _aSHKI
245 _aEXCEL 2003
_cSHELLY
942 _2udc
_cBK
999 _c21785
_d21785